| 000 | 00589nam a2200181 i 4500 | ||
|---|---|---|---|
| 001 | 92916 | ||
| 003 | ES-MaACL | ||
| 005 | 20230906181103.0 | ||
| 007 | t| | ||
| 008 | 050331s1980 th ||||1| spa d | ||
| 100 | 1 |
_aLo, Shih-fu. _9171287 |
|
| 245 | 1 | 0 |
_aRazón del éxodo de refugiados de Vietnam y sus consecuencias / _cLo Shih-fu. |
| 260 |
_a[Taipei?] : _bLiga Mundial Anticomunista, Capítulo Chino, _c1980. |
||
| 300 |
_a71 p. ; _c19 cm. |
||
| 650 | 4 |
_aGuerra del Vietnam, 1961-1975- _xRefugiados. _9171288 |
|
| 710 | 2 |
_aLiga Mundial Anticomunista. _95537 |
|
| 852 |
_aES-MaACL _jL-253 |
||
| 999 |
_c92916 _d92916 |
||